| 000 | 01124cam a2200265 4500 | ||
|---|---|---|---|
| 001 | ABS64157 | ||
| 008 | 000000n2001 000 0 eng u | ||
| 035 | _a(Sirsi) u113275 | ||
| 100 | _aMcNally, R. | ||
| 245 | _aCome hell or high water | ||
| 260 | _c2001 | ||
| 490 |
_aEstates Gazette _v(0123) 9 June 2001, 150-151(2) |
||
| 520 | _aThe second half of a two part article considering the issues faced by tenants when their property is insured under the landlords policy. Covers insured risks, the reinstatement of insured damage, subrogation waivers, insurable interest and frustration, concluding that tenants paying insurance premiums under modern leases are likely to be protected to some degree but that it is rare that insurance is given appropriate attention in lease negotiations. Case law. | ||
| 590 | _aABS | ||
| 650 | _aFRUSTRATION | ||
| 650 | _aINSURABLE INTERESTS | ||
| 650 | _aINSURED RISK | ||
| 650 | _aLANDLORDS INSURANCE | ||
| 650 | _aPROPERTY INSURANCE | ||
| 650 | _aREINSTATEMENT | ||
| 650 | _aTENANTS COMPENSATION | ||
| 690 |
_aInsurance _96249 |
||
| 700 | _aRobinson, R. | ||
| 942 | _n0 | ||
| 999 |
_c67476 _d67476 |
||